Top 4 colocados de cada Grand Prix de Voleibol - Statistics

Estatísticas Gerais
  • Esse quiz foi jogado 243 vezes
  • A pontuação média é 11 de 13
Estatísticas das Respostas
Campeão % Correto
Brasil
100%
Estados Unidos
98%
China
97%
Japão
97%
Itália
96%
Rússia
95%
Cuba
91%
Sérvia
86%
Alemanha
80%
Coreia do Sul
78%
Turquia
74%
Países Baixos
72%
Tailândia
46%
Nenhum quiz correspondente encontrado
Distribuição das Pontuações
Porcentagem de Pessoas com Cada Pontuação
Percentil de Números Respondidos
Sua Pontuação Histórica
Você não jogou esse quiz